[Event "Tbilisi Gaprindashvili Cup"]
[Site "Tbilisi"]
[Date "2021.09.16"]
[Round "8"]
[White "Zarkua, Davit"]
[Black "Mchedlishvili, Mikheil"]
[Result "0-1"]
[WhiteElo "2437"]
[BlackElo "2571"]
[PlyCount "54"]
[EventDate "2021.09.13"]
[EventType "swiss"]
[EventRounds "8"]
[EventCountry "GEO"]
[SourceTitle "CBM 204 Extra"]
[Source "ChessBase"]
[SourceDate "2021.11.30"]
[SourceVersion "1"]
[SourceVersionDate "2021.11.30"]
[SourceQuality "1"]

1. e4 c5 2. Nf3 d6 3. d4 cxd4 4. Nxd4 Nf6 5. f3 Nc6 6. c4 Qb6 7. Nc2 g6 8. Nc3 Bg7 9. Rb1 Ng4 10. Qd2 Bh6 11. f4 e5 12. Nd5 Qd8 13. Be2 exf4 14. Nxf4 Nce5 15. Bxg4 Bxf4 16. Qc3 Bxc1 17. Bxc8 Rxc8 18. Rxc1 Rxc4 19. Qe3 Qa5+ 20. b4 Qc7 21. Kd2 Qd7 22. a3 0-0 23. Nd4 Rfc8 24. Nf3 Qa4 25. Nxe5 Rc2+ 26. Rxc2 Qxc2+ 27. Ke1 Qb1+ 0-1

[Event "Tbilisi Gaprindashvili Cup"]
[Site "Tbilisi"]
[Date "2021.09.15"]
[Round "5"]
[White "Kiladze, Luka"]
[Black "Zarkua, Davit"]
[Result "1/2-1/2"]
[WhiteElo "1775"]
[BlackElo "2437"]
[PlyCount "142"]
[EventDate "2021.09.13"]
[EventType "swiss"]
[EventRounds "8"]
[EventCountry "GEO"]
[SourceTitle "CBM 204 Extra"]
[Source "ChessBase"]
[SourceDate "2021.11.30"]
[SourceVersion "1"]
[SourceVersionDate "2021.11.30"]
[SourceQuality "1"]

1. d4 Nf6 2. c4 c5 3. d5 b5 4. cxb5 a6 5. bxa6 Bxa6 6. Nc3 d6 7. e4 Bxf1 8. Kxf1 g6 9. Nf3 Nbd7 10. g3 Bg7 11. h3 0-0 12. Kg2 Nb6 13. Qe2 Na4 14. Qc2 Qa5 15. Nd1 Rfb8 16. b3 Nd7 17. Rb1 Nab6 18. a4 c4 19. bxc4 Qxa4 20. Qxa4 Rxa4 21. Bg5 Kf8 22. Re1 Rxc4 23. Nb2 Rc3 24. Nd1 Rc2 25. Ne3 Ra2 26. g4 Rc8 27. Rec1 Rxc1 28. Rxc1 Nc5 29. e5 Rxf2+ 30. Kxf2 Nd3+ 31. Ke2 Nxc1+ 32. Kd2 Nb3+ 33. Kc2 Nc5 34. exd6 exd6 35. Bd8 Nbd7 36. Bc7 Ke7 37. Nc4 Ne4 38. Kd3 Ndc5+ 39. Ke3 Kd7 40. Bb8 Bh6+ 41. Kd4 Bf4 42. Ba7 f6 43. Bxc5 Nxc5 44. Na5 Be5+ 45. Ke3 Na4 46. Kd3 Nb2+ 47. Kc2 Na4 48. Kd3 Kc7 49. Nc4 Ba1 50. h4 Kd7 51. h5 f5 52. gxf5 gxh5 53. Ng5 h4 54. Nh3 Ke7 55. Nd2 Nc5+ 56. Ke3 Kf6 57. Kf4 Be5+ 58. Kg4 Bg3 59. Ng5 h5+ 60. Kxh5 Kxf5 61. Nc4 Ne4 62. Nxe4 Kxe4 63. Kg4 Kxd5 64. Nxd6 Kxd6 65. Kh3 Ke5 66. Kg2 Kf4 67. Kh1 Kf3 68. Kg1 h3 69. Kh1 Bd6 70. Kg1 Kg3 71. Kh1 Bc5 1/2-1/2

[Event "Tbilisi Chiburdanidze Cup"]
[Site "Tbilisi"]
[Date "2021.09.09"]
[Round "3"]
[White "Zarkua, Davit"]
[Black "Managadze, Nikoloz"]
[Result "1/2-1/2"]
[WhiteElo "2437"]
[BlackElo "2453"]
[PlyCount "39"]
[EventDate "2021.09.08"]
[EventType "swiss (rapid)"]
[EventRounds "8"]
[EventCountry "GEO"]
[SourceTitle "CBM 204 Extra"]
[Source "ChessBase"]
[SourceDate "2021.11.30"]
[SourceVersion "1"]
[SourceVersionDate "2021.11.30"]
[SourceQuality "1"]

1. c4 e5 2. Nc3 d6 3. d4 Nd7 4. Nf3 Ngf6 5. g3 c6 6. Bg2 Be7 7. 0-0 0-0 8. Qc2 Re8 9. Rd1 Bf8 10. e4 a6 11. a4 a5 12. Be3 Qc7 13. h3 g6 14. d5 Nc5 15. Bxc5 dxc5 16. Ne1 cxd5 17. cxd5 Bd7 18. b3 c4 19. bxc4 Qxc4 20. Bf1 1/2-1/2

[Event "TUR-chT 2nd League"]
[Site "Konya"]
[Date "2019.07.25"]
[Round "5.3"]
[White "Lomsadze, David"]
[Black "Zarkua, Davit"]
[Result "1/2-1/2"]
[WhiteElo "2292"]
[BlackElo "2440"]
[PlyCount "65"]
[EventDate "2019.07.22"]
[EventType "team-swiss"]
[EventRounds "9"]
[EventCountry "TUR"]
[SourceTitle "CBM 191 Extra"]
[Source "ChessBase"]
[SourceDate "2019.09.30"]
[SourceVersion "1"]
[SourceVersionDate "2019.09.30"]
[SourceQuality "1"]
[WhiteTeam "Mugla Ortaca Belediye"]
[BlackTeam "Ego Spor"]
[WhiteTeamCountry "TUR"]
[BlackTeamCountry "TUR"]

1. Nf3 Nf6 2. g3 g6 3. Bg2 Bg7 4. 0-0 0-0 5. d3 c5 6. c4 Nc6 7. Nc3 b6 8. Bd2 Bb7 9. Qc1 d5 10. cxd5 Nxd5 11. Bh6 Nf6 12. Bxg7 Kxg7 13. Rd1 Rc8 14. Qf4 Qd6 15. d4 Qxf4 16. gxf4 cxd4 17. Nxd4 Ba8 18. Nxc6 Bxc6 19. Bxc6 Rxc6 20. e3 Rfc8 21. Kg2 a6 22. Kf3 b5 23. a3 Rc4 24. Rd2 e6 25. Rd6 R8c6 26. Rad1 Rxd6 27. Rxd6 b4 28. axb4 Rxb4 29. Rxa6 Rxb2 30. Ra2 Rb3 31. Ne4 Nxe4 32. Kxe4 Rb1 33. Kf3 1/2-1/2

[Event "TUR-chT 2nd League"]
[Site "Konya"]
[Date "2019.07.24"]
[Round "4.6"]
[White "Zarkua, Davit"]
[Black "Annageldyev, Orazly"]
[Result "1-0"]
[WhiteElo "2440"]
[BlackElo "2353"]
[PlyCount "49"]
[EventDate "2019.07.22"]
[EventType "team-swiss"]
[EventRounds "9"]
[EventCountry "TUR"]
[SourceTitle "CBM 191 Extra"]
[Source "ChessBase"]
[SourceDate "2019.09.30"]
[SourceVersion "1"]
[SourceVersionDate "2019.09.30"]
[SourceQuality "1"]
[WhiteTeam "Ego Spor"]
[BlackTeam "Karaman Masterler"]
[WhiteTeamCountry "TUR"]
[BlackTeamCountry "TUR"]

1. d4 Nf6 2. g3 c5 3. d5 e6 4. Nc3 Nxd5 5. Nxd5 exd5 6. Qxd5 Be7 7. Bg2 Nc6 8. c3 d6 9. Qd1 0-0 10. Nh3 d5 11. Nf4 d4 12. 0-0 Re8 13. cxd4 Nxd4 14. e3 Ne6 15. Nd5 Nc7 16. Qb3 Be6 17. Nxe7+ Rxe7 18. Qxb7 Bc4 19. Re1 Nd5 20. Qc6 Rc8 21. Qa4 Nb6 22. Qa5 Bd5 23. e4 Qe8 24. Bg5 f6 25. Bxf6 1-0

[Event "TUR-chT 1st League"]
[Site "Konya"]
[Date "2017.07.18"]
[Round "3.11"]
[White "Kucumenler, Tarkan"]
[Black "Zarkua, Davit"]
[Result "0-1"]
[WhiteElo "2004"]
[BlackElo "2431"]
[PlyCount "75"]
[EventDate "2017.07.17"]
[EventType "team-swiss"]
[EventRounds "9"]
[EventCountry "TUR"]
[SourceTitle "CBM 179 Extra"]
[Source "ChessBase"]
[SourceDate "2017.08.23"]
[SourceVersion "1"]
[SourceVersionDate "2017.08.23"]
[SourceQuality "1"]
[WhiteTeam "Kocaeli Buyuksehir"]
[BlackTeam "Ankara Ego"]
[WhiteTeamCountry "TUR"]
[BlackTeamCountry "TUR"]

1. d4 d6 2. c4 g6 3. e4 Bg7 4. Nc3 e5 5. Nge2 exd4 6. Nxd4 Ne7 7. Be3 Nbc6 8. h4 h5 9. Qd2 Ne5 10. f3 N7c6 11. Nxc6 bxc6 12. c5 Bf6 13. 0-0-0 Be7 14. Kb1 Be6 15. Qd4 f6 16. Be2 a5 17. Qa4 Qd7 18. cxd6 cxd6 19. Nd5 Rb8 20. Nxe7 Kxe7 21. Bc5 Nf7 22. Qa3 Qc7 23. Bd4 c5 24. Qc3 Ne5 25. f4 Nd7 26. Be3 Rb4 27. Bf3 Rhb8 28. Rd2 Nb6 29. e5 Na4 30. Qxb4 Rxb4 31. exd6+ Qxd6 32. Rxd6 Rxb2+ 33. Kc1 Kxd6 34. Rd1+ Kc7 35. Bxc5 Rxa2 36. Be7 Bb3 37. Rd3 Rc2+ 38. Kd1 0-1

[Event "TUR-chT 1st League"]
[Site "Konya"]
[Date "2017.07.18"]
[Round "2.11"]
[White "Zarkua, Davit"]
[Black "Bilyap, Enis"]
[Result "1-0"]
[WhiteElo "2431"]
[BlackElo "2020"]
[PlyCount "60"]
[EventDate "2017.07.17"]
[EventType "team-swiss"]
[EventRounds "9"]
[EventCountry "TUR"]
[SourceTitle "CBM 179 Extra"]
[Source "ChessBase"]
[SourceDate "2017.08.23"]
[SourceVersion "1"]
[SourceVersionDate "2017.08.23"]
[SourceQuality "1"]
[WhiteTeam "Ankara Ego"]
[BlackTeam "Karsiyaka Ihtisas"]
[WhiteTeamCountry "TUR"]
[BlackTeamCountry "TUR"]

1. Nf3 Nf6 2. g3 g6 3. Bg2 Bg7 4. 0-0 0-0 5. c4 c6 6. d4 d5 7. Qb3 Qb6 8. Nc3 dxc4 9. Qxc4 Be6 10. Qd3 Qa6 11. Qc2 Nbd7 12. Ng5 Bd5 13. e4 Bc4 14. Rd1 h6 15. Nf3 Be6 16. h3 Rac8 17. Be3 Kh7 18. b3 b6 19. Rac1 Ng8 20. Ne2 Rfd8 21. Nf4 Nf8 22. Rd2 Bd7 23. Bf1 Qb7 24. Bc4 e6 25. b4 Ne7 26. Qd3 b5 27. Bb3 Qb8 28. Qc2 f5 29. h4 fxe4 30. Qxe4 e5 1-0

[Event "TUR-chT 1st League"]
[Site "Konya"]
[Date "2017.07.17"]
[Round "1.9"]
[White "Ozkan, Ervin"]
[Black "Zarkua, Davit"]
[Result "0-1"]
[WhiteElo "2206"]
[BlackElo "2431"]
[PlyCount "74"]
[EventDate "2017.07.17"]
[EventType "team-swiss"]
[EventRounds "9"]
[EventCountry "TUR"]
[SourceTitle "CBM 179 Extra"]
[Source "ChessBase"]
[SourceDate "2017.08.23"]
[SourceVersion "1"]
[SourceVersionDate "2017.08.23"]
[SourceQuality "1"]
[WhiteTeam "Bursa Buyuksehir"]
[BlackTeam "Ankara Ego"]
[WhiteTeamCountry "TUR"]
[BlackTeamCountry "TUR"]

1. d4 d6 2. Nf3 g6 3. c4 Bg7 4. Nc3 Bg4 5. Bg5 Nd7 6. e3 c5 7. Be2 cxd4 8. exd4 Rc8 9. 0-0 Ngf6 10. b3 d5 11. Ne5 Bxe2 12. Qxe2 dxc4 13. bxc4 0-0 14. Rab1 Nb6 15. Rfd1 Re8 16. Be3 e6 17. Rdc1 Qe7 18. c5 Nbd5 19. Nc4 Rb8 20. Nd6 Rf8 21. Bg5 Qd7 22. Bxf6 Nxc3 23. Rxc3 Bxf6 24. Qe4 b6 25. Rd1 bxc5 26. Rf3 Bxd4 27. Qf4 f5 28. Nc4 Bxf2+ 29. Kxf2 Qxd1 30. Kg3 Qd4 31. Ne5 Qxf4+ 32. Rxf4 Rb4 33. Rf3 f4+ 34. Kh3 Re4 35. Nd7 Re3 36. Nxc5 Rxf3+ 37. gxf3 Kf7 0-1

[Event "TUR-chT2"]
[Site "Konya"]
[Date "2016.07.17"]
[Round "1.3"]
[White "Gulbas, Cemil"]
[Black "Zarkua, Davit"]
[Result "0-1"]
[WhiteElo "2357"]
[BlackElo "2447"]
[PlyCount "52"]
[EventDate "2016.07.17"]
[EventType "team-swiss"]
[EventRounds "9"]
[EventCountry "TUR"]
[SourceTitle "CBM 173 Extra"]
[Source "ChessBase"]
[SourceDate "2016.08.29"]
[SourceVersion "1"]
[SourceVersionDate "2016.08.29"]
[SourceQuality "1"]
[WhiteTeam "Izmir Rota Koleji"]
[BlackTeam "Ankara Ego"]
[WhiteTeamCountry "TUR"]
[BlackTeamCountry "TUR"]

1. d4 Nf6 2. Bf4 g6 3. Nc3 c6 4. e4 d6 5. Qd2 b5 6. f3 Nbd7 7. Nge2 e5 8. Bh6 Be7 9. Nd1 Bb7 10. Ne3 a6 11. c4 Bf8 12. Bxf8 Kxf8 13. 0-0-0 h5 14. g3 Kg7 15. Bh3 Qb6 16. Kb1 Rad8 17. Qc3 b4 18. Qc1 a5 19. Rd3 d5 20. Bxd7 dxe4 21. fxe4 Rxd7 22. dxe5 Rxd3 23. exf6+ Kxf6 24. c5 Qd8 25. Nc4 Ba6 26. Nf4 Bxc4 0-1

[Event "Corum op"]
[Site "Corum"]
[Date "2016.05.26"]
[Round "5"]
[White "Uzunoglu, Efe Kerem"]
[Black "Zarkua, Davit"]
[Result "0-1"]
[WhiteElo "2161"]
[BlackElo "2437"]
[PlyCount "118"]
[EventDate "2016.05.23"]
[EventType "swiss"]
[EventRounds "9"]
[EventCountry "TUR"]
[SourceTitle "CBM 172 Extra"]
[Source "ChessBase"]
[SourceDate "2016.06.21"]
[SourceVersion "1"]
[SourceVersionDate "2016.06.21"]
[SourceQuality "1"]

1. e4 d6 2. d4 Nf6 3. Nc3 e5 4. Nf3 Nbd7 5. Bc4 Be7 6. 0-0 0-0 7. a4 c6 8. b3 Nxe4 9. Nxe4 d5 10. Be2 dxe4 11. Nxe5 Nxe5 12. dxe5 Qa5 13. Qd4 Bf5 14. Bd2 Bc5 15. Qd7 Bxd7 16. Bxa5 Bf5 17. g4 Bg6 18. h4 b6 19. Bd2 h6 20. h5 Bh7 21. Bf4 Rae8 22. c3 a5 23. Bc4 Kh8 24. Rad1 f5 25. exf6 Rxf6 26. Be3 Bg8 27. Bxg8 Kxg8 28. Rfe1 g6 29. Bxc5 bxc5 30. hxg6 Rxg6 31. Kf1 Re5 32. Rd7 Rd5 33. Ra7 Rxg4 34. Rxa5 h5 35. Ra6 h4 36. Re3 Rd1+ 37. Ke2 Rgg1 38. Rxe4 Rde1+ 39. Kd3 Rxe4 40. Kxe4 h3 41. Rxc6 h2 42. Rh6 h1Q+ 43. Rxh1 Rxh1 44. Kd5 Kf8 45. a5 Ra1 46. b4 cxb4 47. cxb4 Ke7 48. Kc6 Kd8 49. f4 Rc1+ 50. Kd5 Rb1 51. Kc5 Kc7 52. b5 Rf1 53. a6 Rxf4 54. b6+ Kb8 55. Kb5 Rf1 56. Kc6 Rc1+ 57. Kb5 Ra1 58. a7+ Kb7 59. Kc5 Ra5+ 0-1

[Event "Corum op"]
[Site "Corum"]
[Date "2016.05.25"]
[Round "4"]
[White "Zarkua, Davit"]
[Black "Morchiashvili, Bachana"]
[Result "1/2-1/2"]
[WhiteElo "2437"]
[BlackElo "2347"]
[PlyCount "40"]
[EventDate "2016.05.23"]
[EventType "swiss"]
[EventRounds "9"]
[EventCountry "TUR"]
[SourceTitle "CBM 172 Extra"]
[Source "ChessBase"]
[SourceDate "2016.06.21"]
[SourceVersion "1"]
[SourceVersionDate "2016.06.21"]
[SourceQuality "1"]

1. d4 Nf6 2. g3 g6 3. Bg2 d5 4. Nf3 Bg7 5. 0-0 0-0 6. c3 c6 7. Nbd2 Bf5 8. Nh4 Be6 9. Re1 Nbd7 10. e4 dxe4 11. Nxe4 Nxe4 12. Bxe4 Nf6 13. Bg2 Bd5 14. Bf1 Re8 15. Ng2 b5 16. Nf4 Be4 17. a4 a6 18. Nd3 Bxd3 19. Qxd3 Nd5 20. Bd2 Qd7 1/2-1/2

[Event "Corum op"]
[Site "Corum"]
[Date "2016.05.24"]
[Round "3"]
[White "Hasanzade, Toghrul Qasim Oglu"]
[Black "Zarkua, Davit"]
[Result "1/2-1/2"]
[WhiteElo "2326"]
[BlackElo "2437"]
[PlyCount "54"]
[EventDate "2016.05.23"]
[EventType "swiss"]
[EventRounds "9"]
[EventCountry "TUR"]
[SourceTitle "CBM 172 Extra"]
[Source "ChessBase"]
[SourceDate "2016.06.21"]
[SourceVersion "1"]
[SourceVersionDate "2016.06.21"]
[SourceQuality "1"]

1. e4 g6 2. d4 Bg7 3. Nc3 d6 4. h3 Nd7 5. Nf3 c5 6. Be3 cxd4 7. Bxd4 Ngf6 8. Bc4 0-0 9. 0-0 b6 10. e5 dxe5 11. Nxe5 Bb7 12. Qe2 Nxe5 13. Bxe5 Qc8 14. Rad1 e6 15. Nb5 Qc6 16. f3 a6 17. Rd6 Qc8 18. Nd4 Ne4 19. Bxg7 Nxd6 20. Bxf8 Kxf8 21. Bb3 Qc5 22. Qf2 e5 23. Ne2 Ke7 24. Rd1 Rc8 25. Nc3 b5 26. Nd5+ Bxd5 27. Qxc5 Rxc5 1/2-1/2

[Event "TUR-chT2"]
[Site "Konya"]
[Date "2015.07.31"]
[Round "9.9"]
[White "Salur, Ozgun"]
[Black "Zarkua, Davit"]
[Result "0-1"]
[WhiteElo "1610"]
[BlackElo "2426"]
[PlyCount "76"]
[EventDate "2015.07.25"]
[EventType "team-swiss"]
[EventRounds "9"]
[EventCountry "TUR"]
[SourceTitle "EXT 2017"]
[Source "ChessBase"]
[SourceDate "2016.10.25"]
[SourceVersion "1"]
[SourceVersionDate "2016.10.25"]
[SourceQuality "1"]
[WhiteTeam "Zonguldak Alapli Aktif"]
[BlackTeam "Izmir Karsiyaka"]
[WhiteTeamCountry "TUR"]
[BlackTeamCountry "TUR"]

1. e4 g6 2. d4 Bg7 3. Nf3 d6 4. Nc3 Nf6 5. Be2 0-0 6. Be3 a6 7. Qd2 b5 8. a3 Bb7 9. Bd3 Ng4 10. Bg5 f6 11. Be3 e5 12. d5 Nd7 13. h4 f5 14. Bg5 Qe8 15. Nh2 Nxh2 16. Rxh2 f4 17. h5 h6 18. Bxh6 Bxh6 19. hxg6 Qxg6 20. 0-0-0 Nf6 21. Rdh1 Bg5 22. Kb1 Kg7 23. Qe2 Bc8 24. Rg1 Bd7 25. g3 f3 26. Qe1 Ng4 27. Rhh1 Rh8 28. Nd1 Rxh1 29. Rxh1 a5 30. Qc3 Ra7 31. Qb3 Qe8 32. Bf1 Nf6 33. Qxf3 Qg6 34. Bd3 b4 35. axb4 axb4 36. Qe2 Qe8 37. c3 b3 38. Ne3 Qa8 0-1

[Event "TUR-chT2"]
[Site "Konya"]
[Date "2015.07.28"]
[Round "6.5"]
[White "Zarkua, Davit"]
[Black "Vetoshko, Volodymyr"]
[Result "1-0"]
[WhiteElo "2426"]
[BlackElo "2404"]
[PlyCount "75"]
[EventDate "2015.07.25"]
[EventType "team-swiss"]
[EventRounds "9"]
[EventCountry "TUR"]
[SourceTitle "CBM 167 Extra"]
[Source "ChessBase"]
[SourceDate "2015.09.14"]
[SourceVersion "1"]
[SourceVersionDate "2015.09.14"]
[SourceQuality "1"]
[WhiteTeam "Izmir Karsiyaka"]
[BlackTeam "Ankara Ego"]
[WhiteTeamCountry "TUR"]
[BlackTeamCountry "TUR"]

1. d4 Nf6 2. Nf3 e6 3. g3 d5 4. Bg2 c5 5. 0-0 Nc6 6. c4 dxc4 7. dxc5 Qxd1 8. Rxd1 Bxc5 9. Nbd2 c3 10. bxc3 0-0 11. Ne1 Bd7 12. Rb1 Na5 13. Nb3 Nxb3 14. axb3 Bc6 15. Bxc6 bxc6 16. Nd3 Bb6 17. Bd2 Ne4 18. Be1 Rfd8 19. Ne5 Rd5 20. Nd3 Rad8 21. c4 R5d7 22. Rdc1 Bd4 23. b4 g5 24. Kg2 g4 25. h3 gxh3+ 26. Kxh3 e5 27. Kg2 f5 28. c5 f4 29. b5 cxb5 30. c6 Rc7 31. Ba5 Bb6 32. Bxb6 axb6 33. Rxb5 fxg3 34. Rxe5 Nxf2 35. Nf4 Ng4 36. Rg5+ Kf7 37. Rxg4 Rd6 38. Nd3 1-0

[Event "TUR-chT2"]
[Site "Konya"]
[Date "2014.06.29"]
[Round "9.2"]
[White "Volkov, Sergey"]
[Black "Zarkua, Davit"]
[Result "1/2-1/2"]
[WhiteElo "2579"]
[BlackElo "2409"]
[PlyCount "39"]
[EventDate "2014.06.23"]
[EventType "team-swiss"]
[EventRounds "9"]
[EventCountry "TUR"]
[SourceTitle "CBM 161 Extra"]
[Source "ChessBase"]
[SourceDate "2014.08.29"]
[SourceVersion "1"]
[SourceVersionDate "2014.08.29"]
[SourceQuality "1"]
[WhiteTeam "Kocaeli"]
[BlackTeam "Karsiyaka Ihtisas"]
[WhiteTeamCountry "TUR"]
[BlackTeamCountry "TUR"]

1. d4 d6 2. Nf3 g6 3. c4 f5 4. b4 Bg7 5. Bb2 Nh6 6. e3 Nf7 7. Be2 0-0 8. Qb3 a5 9. b5 a4 10. Qc2 c6 11. Nc3 a3 12. Bc1 e5 13. Rb1 g5 14. h3 exd4 15. Nxd4 c5 16. Nf3 Be6 17. Rb3 Nd7 18. Bxa3 Nb6 19. Nb1 Ra4 20. Nfd2 1/2-1/2

[Event "TUR-chT2"]
[Site "Konya"]
[Date "2014.06.24"]
[Round "3.8"]
[White "Zarkua, Davit"]
[Black "Rzayev, Bahruz Iqbal Oglu"]
[Result "1/2-1/2"]
[WhiteElo "2409"]
[BlackElo "2425"]
[PlyCount "28"]
[EventDate "2014.06.23"]
[EventType "team-swiss"]
[EventRounds "9"]
[EventCountry "TUR"]
[SourceTitle "CBM 161 Extra"]
[Source "ChessBase"]
[SourceDate "2014.08.29"]
[SourceVersion "1"]
[SourceVersionDate "2014.08.29"]
[SourceQuality "1"]
[WhiteTeam "Karsiyaka Ihtisas"]
[BlackTeam "Salihli Sardes"]
[WhiteTeamCountry "TUR"]
[BlackTeamCountry "TUR"]

1. Nf3 c5 2. c4 Nc6 3. Nc3 g6 4. e3 d6 5. Be2 Bg7 6. d4 cxd4 7. exd4 Nh6 8. d5 Ne5 9. Nxe5 dxe5 10. g4 f5 11. g5 Nf7 12. h4 h6 13. gxh6 Bxh6 14. Bd2 Z0 1/2-1/2

[Event "Malatya Golden Apricot op 2nd"]
[Site "Malatya"]
[Date "2014.06.16"]
[Round "3"]
[White "Zarkua, Davit"]
[Black "Ozen, Bahadir"]
[Result "1-0"]
[WhiteElo "2409"]
[BlackElo "2000"]
[PlyCount "69"]
[EventDate "2014.06.15"]
[EventType "swiss"]
[EventRounds "9"]
[EventCountry "TUR"]
[SourceTitle "CBM 160 Extra"]
[Source "ChessBase"]
[SourceDate "2014.07.01"]
[SourceVersion "1"]
[SourceVersionDate "2014.07.01"]
[SourceQuality "1"]

1. Nf3 d5 2. c4 e6 3. g3 Nf6 4. Bg2 Be7 5. 0-0 0-0 6. b3 c5 7. Bb2 d4 8. b4 a5 9. bxc5 Nc6 10. d3 Bxc5 11. Nbd2 a4 12. Rb1 h6 13. Ne1 e5 14. Nc2 Qe7 15. Qc1 Nb4 16. Nxb4 Bxb4 17. Ne4 Nxe4 18. Bxe4 Bh3 19. Rd1 Bg4 20. Qc2 Ra7 21. Bc1 f5 22. Bd5+ Kh8 23. Bd2 Bc5 24. Rb5 b6 25. Rdb1 Bxe2 26. Bb4 Bh5 27. Rxb6 Bxb4 28. R1xb4 e4 29. dxe4 Bf3 30. Qd3 fxe4 31. Qxd4 Qg5 32. Qe3 Qh5 33. Rb8 Raf7 34. Bxf7 Qxf7 35. Qf4 1-0

[Event "Poti Aleksandria Cup-A 8th"]
[Site "Poti"]
[Date "2013.07.16"]
[Round "4"]
[White "Chkhaidze, Nikoloz"]
[Black "Zarkua, Davit"]
[Result "0-1"]
[WhiteElo "2134"]
[BlackElo "2416"]
[PlyCount "56"]
[EventDate "2013.07.10"]
[EventType "swiss"]
[EventRounds "9"]
[EventCountry "GEO"]
[SourceTitle "CBM 155 Extra"]
[Source "ChessBase"]
[SourceDate "2013.08.26"]
[SourceVersion "1"]
[SourceVersionDate "2013.08.26"]
[SourceQuality "1"]

1. e4 Nf6 2. e5 Nd5 3. d4 d6 4. Nf3 g6 5. c4 Nb6 6. Be3 dxe5 7. Nxe5 Bg7 8. Nc3 0-0 9. Be2 Be6 10. b3 c5 11. Rc1 cxd4 12. Bxd4 Bh6 13. Ra1 f6 14. Ng4 Bg7 15. Ne3 Nc6 16. Bc5 f5 17. Qxd8 Raxd8 18. Rc1 Nd7 19. Ba3 Nde5 20. Ned5 Rd7 21. f4 Ng4 22. h3 Nf6 23. Bf3 Rfd8 24. Kf2 Bf7 25. Rcd1 e6 26. Nxf6+ Bxf6 27. Nb5 Rd2+ 28. Ke3 R8d3# 0-1

[Event "Poti Aleksandria Cup-A 8th"]
[Site "Poti"]
[Date "2013.07.15"]
[Round "3"]
[White "Zarkua, Davit"]
[Black "Matevosyan, Sedrak"]
[Result "1-0"]
[WhiteElo "2416"]
[BlackElo "2182"]
[PlyCount "47"]
[EventDate "2013.07.10"]
[EventType "swiss"]
[EventRounds "9"]
[EventCountry "GEO"]
[SourceTitle "CBM 155 Extra"]
[Source "ChessBase"]
[SourceDate "2013.08.26"]
[SourceVersion "1"]
[SourceVersionDate "2013.08.26"]
[SourceQuality "1"]

1. Nf3 Nf6 2. c4 e6 3. g3 b6 4. Bg2 Bb7 5. 0-0 c5 6. d4 cxd4 7. Qxd4 d6 8. Nc3 a6 9. Rd1 Nbd7 10. b3 Be7 11. e4 0-0 12. Ba3 Nc5 13. e5 dxe5 14. Qxd8 Rfxd8 15. Nxe5 Bxg2 16. Kxg2 Kf8 17. Nc6 Rxd1 18. Rxd1 Ng8 19. Nxe7 Nxe7 20. Rd6 Ke8 21. Rxb6 Nd7 22. Rb7 Nc6 23. Ne4 f5 24. Nc5 1-0

[Event "GEO-ch 72nd"]
[Site "Tbilisi"]
[Date "2013.06.22"]
[Round "10"]
[White "Zarkua, Davit"]
[Black "Jojua, Davit"]
[Result "0-1"]
[WhiteElo "2441"]
[BlackElo "2548"]
[PlyCount "74"]
[EventDate "2013.06.12"]
[EventType "tourn"]
[EventRounds "11"]
[EventCountry "GEO"]
[EventCategory "10"]
[SourceTitle "CBM 155 Extra"]
[Source "ChessBase"]
[SourceDate "2013.08.26"]
[SourceVersion "1"]
[SourceVersionDate "2013.08.26"]
[SourceQuality "1"]

1. Nf3 g6 2. d4 Bg7 3. c4 Nf6 4. g3 0-0 5. Bg2 d6 6. 0-0 Nc6 7. Nc3 a6 8. h3 Bd7 9. Be3 e5 10. dxe5 dxe5 11. Qc1 Re8 12. Rd1 Qc8 13. Kh2 Bf5 14. Nd5 Be4 15. Nc3 Bf5 16. Bh6 Bh8 17. Qg5 Ne4 18. Nxe4 Bxe4 19. Qh4 Bxf3 20. exf3 Nd4 21. Qe4 c6 22. Be3 Qe6 23. Rac1 Rad8 24. Qb1 Nf5 25. Bb6 Rxd1 26. Rxd1 Qxc4 27. Rd7 Bf6 28. Rxb7 Nd6 29. Rd7 Qe6 30. Ra7 Nc8 31. Rb7 c5 32. Bc7 Bd8 33. Bxd8 Rxd8 34. Rb8 Qd6 35. Ra8 Ne7 36. Ra7 Nd5 37. Qc2 Qb6 0-1

[Event "GEO-ch 72nd"]
[Site "Tbilisi"]
[Date "2013.06.21"]
[Round "9"]
[White "Qalagashvili, Pridon"]
[Black "Zarkua, Davit"]
[Result "0-1"]
[WhiteElo "2171"]
[BlackElo "2441"]
[PlyCount "47"]
[EventDate "2013.06.12"]
[EventType "tourn"]
[EventRounds "11"]
[EventCountry "GEO"]
[EventCategory "10"]
[SourceTitle "CBM 155 Extra"]
[Source "ChessBase"]
[SourceDate "2013.08.26"]
[SourceVersion "1"]
[SourceVersionDate "2013.08.26"]
[SourceQuality "1"]

1. d4 g6 2. c4 Bg7 3. Nc3 d6 4. Nf3 Bg4 5. e3 Nd7 6. Be2 c5 7. 0-0 Ngf6 8. h3 Bxf3 9. Bxf3 Rb8 10. a3 0-0 11. b4 Qc7 12. Be2 a6 13. Rb1 b5 14. dxc5 dxc5 15. Nd5 Nxd5 16. cxd5 c4 17. e4 Nb6 18. Qc2 Na4 19. Be3 Qe5 20. Bf3 Rfc8 21. g3 Qc3 22. Qa2 Qf6 23. Rbe1 Qxf3 24. Kh2 0-1

[Event "GEO-ch 72nd"]
[Site "Tbilisi"]
[Date "2013.06.17"]
[Round "6"]
[White "Zarkua, Davit"]
[Black "Gagunashvili, Merab"]
[Result "0-1"]
[WhiteElo "2441"]
[BlackElo "2601"]
[PlyCount "60"]
[EventDate "2013.06.12"]
[EventType "tourn"]
[EventRounds "11"]
[EventCountry "GEO"]
[EventCategory "10"]
[SourceTitle "CBM 155 Extra"]
[Source "ChessBase"]
[SourceDate "2013.08.26"]
[SourceVersion "1"]
[SourceVersionDate "2013.08.26"]
[SourceQuality "1"]

1. c4 g6 2. Nc3 Bg7 3. Nf3 d6 4. g3 e5 5. Bg2 f5 6. 0-0 Nf6 7. b4 0-0 8. Rb1 h6 9. d3 g5 10. e3 Nc6 11. b5 Ne7 12. d4 e4 13. Nd2 Ng6 14. f3 exf3 15. Nxf3 Be6 16. Qd3 d5 17. Nd2 c6 18. bxc6 bxc6 19. cxd5 cxd5 20. Ba3 Rf7 21. Qa6 Qe8 22. Rfe1 Rd8 23. Qa5 Ne4 24. Ndxe4 dxe4 25. Nb5 Rd5 26. Bf1 f4 27. exf4 Bxd4+ 28. Kh1 e3 29. Qa6 Bb6 30. Nd6 Rxd6 0-1